• 首页
  • 本馆介绍
  • 公告通知
  • 最新文献
  • 馆藏检索
  • 电子资源
  • 读者导购
  • 参考咨询
  • 我的图书馆
  • 登录
  • 详细信息显示
  • 放入我的书架
  • 预约/预借图书
  • 作者相关作品
  • 分类相关作品
  • 丛书相关作品
  • 出版社相关作品

书目信息

  • 表格格式
  • 工作单格式
  • 卡片格式
题名:
大学生专业学习指南
    
 
作者: 刘湘溶 主编 ;张怀柔 本册主编
分册: 分册6   哲学
出版信息: 长沙   湖南师范大学出版社  2006
页数: 317页
开本: 23cm
丛书名:
单 册:
中图分类: C42
科图分类:
主题词: 高等学校--专业--简介--中国--手册 , 高等学校
电子资源:
ISBN: 7-81081-600-4
000 01524nam0 2200349 450
001 012007145887
005 20070515143704.43
010    @a7-81081-600-4@dCNY26.00
100    @a20070427d2006 km y0chiy0120 ea
101 0  @achi
102    @aCN@b430000
105    @ay z 000yy
106    @ar
200 1  @a大学生专业学习指南@Ada xue sheng zhuan ye xue xi zhi nan@h分册6@i哲学@i思想政治教育@i行政管理@i政治学与行政学@i社会学@i公共事业管理(城市社会管理方向)@i劳动与社会保障@f刘湘溶主编@Fliu xiang rong zhu bian@g张怀承本册主编@Gzhang huai cheng ben ce zhu bian
210    @a长沙@c湖南师范大学出版社@d2006
215    @a317页@d23cm
330    @a本书以忠实于历史事实为宗旨, 准确评述了主要历史事件, 反映了作者们的学术观点。本书是专门为大学生的专业学习提供学习指南的辅导读物,主要读者对象是法学类的大学生。
510 1  @aGuide to specialized courses for university students@zeng
517 1  @a哲学@Azhe xue
517 1  @a思想政治教育@Asi xiang zheng zhi jiao yu
517 1  @a行政管理@Axing zheng guan li
517 1  @a政治学与行政学@Azheng zhi xue yu xing zheng xue
517 1  @a社会学@Ashe hui xue
517 1  @a公共事业管理(城市社会管理方向)@Agong gong shi ye guan li(cheng shi she hui guan li fang xiang)
517 1  @a劳动与社会保障@Alao dong yu she hui bao zhang
606 0  @a高等学校@x专业@x简介@y中国@j手册
606 0  @a高等学校
690    @aC42@v4
701  0 @a刘湘溶@Aliu xiang rong@4主编
702  0 @a张怀柔@Azhang huai rou@4本册主编
801  0 @aCN@bRULIN@c20070515
905    @dC42@e208@s2
    
    大学生专业学习指南.分册6.哲学.思想政治教育.行政管理.政治学与行政学.社会学.公共事业管理(城市社会管理方向).劳动与社会保障/刘湘溶主编/张怀承本册主编.-长沙:湖南师范大学出版社,2006
    317页;23cm
    
    
    ISBN 7-81081-600-4:CNY26.00
    本书以忠实于历史事实为宗旨, 准确评述了主要历史事件, 反映了作者们的学术观点。本书是专门为大学生的专业学习提供学习指南的辅导读物,主要读者对象是法学类的大学生。
●
相关链接 在E读中查询图书 在五车中查询图书 在当当中查询图书 在豆瓣中查询图书


正题名:大学生专业学习指南     索取号:C42/208         预约/预借

序号 登录号 条形码 馆藏地/架位号 状态 备注
1 0571198   205711988   第一样本阅览室/ [索取号:C42/208] 在馆    
2 0571199   205711997   第一借阅区/ [索取号:C42/208] 在馆    
唐山师范学院图书馆 欢迎您!
大连网信软件有限公司© 版权所有